[Event "Scarborough CC-ch Reserves U1400"]
[Site "Toronto CAN"]
[Date "2012.04.19"]
[Round "5"]
[White "Balendra, Harigaran"]
[Black "Guo, Thomas"]
[Result "0-1"]
[WhiteElo "1236"]
[BlackElo "1102"]
[PlyCount "112"]
[GameId "2160767909510272"]
[EventDate "2012.03.22"]
[EventType "swiss"]
[EventRounds "9"]
[EventCountry "CAN"]
[SourceTitle "EXT 2022"]
[Source "ChessBase"]
[SourceDate "2021.10.06"]
[SourceVersion "1"]
[SourceVersionDate "2021.10.06"]
[SourceQuality "1"]

1. e4 e6 2. d4 d5 3. exd5 exd5 4. Nf3 Nf6 5. Be2 Bd6 6. Nc3 h6 7. O-O O-O 8. h3 Bf5 9. Bd3 Bxd3 10. Qxd3 Re8 11. Qb5 b6 12. g3 Qd7 13. Qxd7 Nbxd7 14. Be3 Bxg3 15. fxg3 Rxe3 16. Rae1 Ree8 17. Nb5 Rec8 18. Ne5 Nxe5 19. Rxe5 a6 20. Nc3 Rd8 21. g4 c6 22. g5 hxg5 23. Rxg5 Ne4 24. Rg2 Nxc3 25. bxc3 Rd7 26. Kh2 Re7 27. Rf6 Re6 28. Rf3 Rae8 29. Rfg3 g6 30. h4 Re2 31. c4 Rxg2+ 32. Rxg2 dxc4 33. h5 Kg7 34. hxg6 fxg6 35. c3 Rg8 36. Rg5 Kf6 37. Rg2 Kf5 38. Rf2+ Ke4 39. Rf6 Kd5 40. Kg2 g5 41. Kg3 g4 42. Rf4 a5 43. Kf2 g3+ 44. Kg2 b5 45. Rf3 Rg5 46. a3 c5 47. dxc5 Kxc5 48. Rf1 Kd5 49. Rh1 Ke4 50. Re1+ Kd3 51. a4 bxa4 52. Ra1 Kxc3 53. Rxa4 Kb3 54. Ra1 c3 55. Rf1 c2 56. Rf3+ Kb2 0-1

[Event "Scarborough CC-ch Reserves U1400"]
[Site "Toronto CAN"]
[Date "2012.04.19"]
[Round "5"]
[White "Liu, Daniel1"]
[Black "Feng, Richard"]
[Result "1-0"]
[WhiteElo "1022"]
[BlackElo "1022"]
[PlyCount "91"]
[GameId "2160767909510273"]
[EventDate "2012.03.22"]
[EventType "swiss"]
[EventRounds "9"]
[EventCountry "CAN"]
[SourceTitle "EXT 2022"]
[Source "ChessBase"]
[SourceDate "2021.10.06"]
[SourceVersion "1"]
[SourceVersionDate "2021.10.06"]
[SourceQuality "1"]

1. e4 c5 2. Nf3 d6 3. Bc4 Bg4 4. d3 Nf6 5. Bf4 g6 6. Nbd2 Bg7 7. O-O O-O 8. Re1 Nc6 9. c3 Qb6 10. Rb1 Rad8 11. h3 Be6 12. Qb3 Qxb3 13. Bxb3 Bxb3 14. Nxb3 Nh5 15. Bh2 f5 16. d4 cxd4 17. cxd4 d5 18. e5 f4 19. Nc5 Rb8 20. Nd7 Bh6 21. Nxf8 Rxf8 22. b4 b5 23. Rec1 Nd8 24. Rc7 a6 25. Rxe7 Nf7 26. Ra7 Ng5 27. Nxg5 Bxg5 28. Rxa6 f3 29. Bg3 fxg2 30. Kxg2 Nf4+ 31. Bxf4 Rxf4 32. Rd1 Bh4 33. f3 Rf5 34. e6 h5 35. Ra5 Rf6 36. Rxb5 Rxe6 37. Rxd5 Re2+ 38. Kf1 Rf2+ 39. Kg1 Rxf3 40. b5 Rg3+ 41. Kh2 Ra3 42. Ra1 Rd3 43. b6 g5 44. b7 Bg3+ 45. Kg2 Bf4 46. Rd8+ 1-0

[Event "Scarborough CC-ch Reserves U1400"]
[Site "Toronto CAN"]
[Date "2012.04.19"]
[Round "5"]
[White "Mahoney, Sean"]
[Black "Kaneshalingam, Mathanhe"]
[Result "1-0"]
[WhiteElo "958"]
[BlackElo "1114"]
[PlyCount "173"]
[GameId "2160767909510274"]
[EventDate "2012.03.22"]
[EventType "swiss"]
[EventRounds "9"]
[EventCountry "CAN"]
[SourceTitle "EXT 2022"]
[Source "ChessBase"]
[SourceDate "2021.10.06"]
[SourceVersion "1"]
[SourceVersionDate "2021.10.06"]
[SourceQuality "1"]

1. e4 c5 2. d4 cxd4 3. Qxd4 Nc6 4. Qd1 e5 5. Nf3 Nf6 6. Bd3 Bb4+ 7. c3 Ba5 8. O-O O-O 9. Bb5 d6 10. b4 Bb6 11. Bd3 Bg4 12. Ba3 Qe7 13. Bc2 Rad8 14. Nbd2 d5 15. Qc1 Nb8 16. h3 Bxf3 17. Nxf3 dxe4 18. Ng5 h6 19. Nxe4 Nxe4 20. Bxe4 Qc7 21. Re1 Nd7 22. Qc2 Nf6 23. Bf3 Rfe8 24. Be2 a6 25. b5 a5 26. Bb2 Qc5 27. Rf1 Bc7 28. a4 b6 29. Ba3 Qd5 30. c4 Qd4 31. Bb2 Qf4 32. Bc1 Qd4 33. Be3 Qd6 34. c5 bxc5 35. Bxc5 Qd2 36. Qc4 Qf4 37. Be3 Qxc4 38. Bxc4 Rb8 39. Rab1 Bb6 40. Bxb6 Rxb6 41. Rfd1 g6 42. Rd3 Kg7 43. Rbd1 Rb7 44. Rd6 Ra7 45. b6 Raa8 46. b7 Ra7 47. Ba6 Ne4 48. Rb6 Rb8 49. Rc1 Rxa6 50. Rxa6 Rxb7 51. Rxa5 Re7 52. Ra8 f5 53. a5 Nd6 54. a6 Nb5 55. Rb1 Nc7 56. Rb7 Nxa8 57. Rxe7+ Kf6 58. Ra7 Nb6 59. Rb7 Na8 60. a7 e4 61. Rb8 Nc7 62. a8=Q Nxa8 63. Rxa8 Kg5 64. Ra3 f4 65. g3 f3 66. Ra5+ Kf6 67. h4 h5 68. Rg5 Kf7 69. g4 hxg4 70. Rxg4 Kf6 71. Rxe4 g5 72. hxg5+ Kxg5 73. Kh2 Kf5 74. Re3 Kf4 75. Kh3 Kf5 76. Kg3 Kg5 77. Rxf3 Kh5 78. Kf4 Kg6 79. Ke5 Kg7 80. Kf5 Kf7 81. Ra3 Ke7 82. Ke5 Kf7 83. f4 Ke7 84. f5 Kf7 85. f6 Ke8 86. Ke6 Kf8 87. Ra8# 1-0

[Event "Scarborough CC-ch Reserves U1400"]
[Site "Toronto CAN"]
[Date "2012.04.19"]
[Round "5"]
[White "Ming, Qing"]
[Black "Azizi, Hamid"]
[Result "0-1"]
[WhiteElo "1112"]
[BlackElo "1367"]
[PlyCount "66"]
[GameId "2160767909510275"]
[EventDate "2012.03.22"]
[EventType "swiss"]
[EventRounds "9"]
[EventCountry "CAN"]
[SourceTitle "EXT 2022"]
[Source "ChessBase"]
[SourceDate "2021.10.06"]
[SourceVersion "1"]
[SourceVersionDate "2021.10.06"]
[SourceQuality "1"]

1. e4 d5 2. exd5 Nf6 3. Nc3 Nxd5 4. Bc4 Nxc3 5. bxc3 Bf5 6. Qf3 Qc8 7. Rb1 c6 8. Rxb7 e6 9. Rb3 Bxc2 10. Rb2 Bg6 11. d3 Nd7 12. Qe3 Bc5 13. d4 Ba3 14. Rb3 Be7 15. Nf3 O-O 16. O-O Nf6 17. h3 Re8 18. Ba3 Bc2 19. Bxe7 Rxe7 20. Rb2 Be4 21. Ne5 Qc7 22. Bd3 Bxd3 23. Qxd3 Nd7 24. Re1 c5 25. dxc5 Nxe5 26. Qe4 Nc6 27. Reb1 Ree8 28. Rb7 Qc8 29. Qa4 g6 30. Qb5 Kg7 31. a4 Rb8 32. Rxb8 Nxb8 33. a5 a6 0-1

[Event "Scarborough CC-ch Reserves U1400"]
[Site "Toronto CAN"]
[Date "2012.04.19"]
[Round "5"]
[White "Pakerathan, Thurvan"]
[Black "Lu, Leo"]
[Result "1-0"]
[WhiteElo "947"]
[BlackElo "918"]
[PlyCount "61"]
[GameId "2160767909510276"]
[EventDate "2012.03.22"]
[EventType "swiss"]
[EventRounds "9"]
[EventCountry "CAN"]
[SourceTitle "EXT 2022"]
[Source "ChessBase"]
[SourceDate "2021.10.06"]
[SourceVersion "1"]
[SourceVersionDate "2021.10.06"]
[SourceQuality "1"]

1. e4 e5 2. Nf3 Nc6 3. Bb5 d5 4. Nc3 d4 5. Nd5 Be6 6. c4 dxc3 7. dxc3 a6 8. Ba4 b5 9. Bb3 b4 10. O-O Nf6 11. Bg5 Be7 12. Nxe7 Qxe7 13. Bxe6 Nxe4 14. Bxe7 Kxe7 15. Qd7+ Kf6 16. Qxc6 Nd6 17. Bc4 Rac8 18. Bxa6 Rce8 19. cxb4 Re6 20. Bc4 Nxc4 21. Qxc4 e4 22. Qc3+ Kf5 23. Nd4+ Kf4 24. g3+ Kg5 25. h4+ Kg4 26. Nxe6 f6 27. Qxc7 Re8 28. Qf4+ Kh3 29. Nxg7 Re5 30. Qxf6 Rb5 31. Qe6+ 1-0

[Event "Scarborough CC-ch Reserves U1400"]
[Site "Toronto CAN"]
[Date "2012.04.19"]
[Round "5"]
[White "Patel, Alay"]
[Black "Lin, Benjamin1"]
[Result "0-1"]
[WhiteElo "914"]
[BlackElo "1345"]
[PlyCount "78"]
[GameId "2160767909510277"]
[EventDate "2012.03.22"]
[EventType "swiss"]
[EventRounds "9"]
[EventCountry "CAN"]
[SourceTitle "EXT 2022"]
[Source "ChessBase"]
[SourceDate "2021.10.06"]
[SourceVersion "1"]
[SourceVersionDate "2021.10.06"]
[SourceQuality "1"]

1. d4 d5 2. Nc3 Nf6 3. Bg5 Nc6 4. Bxf6 exf6 5. e4 Be6 6. Qe2 Nxd4 7. Qd2 dxe4 8. Nxe4 Nc6 9. Bb5 Qxd2+ 10. Nxd2 Bd6 11. Ngf3 O-O 12. O-O Ne5 13. Nxe5 Bxe5 14. Nf3 Bxb2 15. Rab1 Be5 16. Nxe5 fxe5 17. Ba4 b6 18. Bb3 Bxb3 19. Rxb3 Rad8 20. g3 a5 21. Rd3 Rxd3 22. cxd3 Rd8 23. Rc1 c5 24. Rb1 Rd6 25. f4 exf4 26. gxf4 g6 27. Re1 Rxd3 28. Re8+ Kg7 29. Kf2 Rd2+ 30. Ke3 Rxa2 31. Rb8 Rb2 32. Kd3 b5 33. Kc3 Rb4 34. Kc2 a4 35. Kc3 Rc4+ 36. Kd3 Rb4 37. Kc3 Rb3+ 38. Kc2 b4 39. Rd8 c4 0-1

[Event "Scarborough CC-ch Reserves U1400"]
[Site "Toronto CAN"]
[Date "2012.04.19"]
[Round "5"]
[White "Sekar, Varun"]
[Black "Pulogarajah, Kaarthic"]
[Result "1-0"]
[WhiteElo "1294"]
[BlackElo "998"]
[PlyCount "67"]
[GameId "2160767909510278"]
[EventDate "2012.03.22"]
[EventType "swiss"]
[EventRounds "9"]
[EventCountry "CAN"]
[SourceTitle "EXT 2022"]
[Source "ChessBase"]
[SourceDate "2021.10.06"]
[SourceVersion "1"]
[SourceVersionDate "2021.10.06"]
[SourceQuality "1"]

1. e4 e5 2. Nf3 Nf6 3. Nxe5 Nxe4 4. Qe2 d5 5. d3 Nf6 6. Nc6+ Be6 7. Nxd8 Kxd8 8. Be3 Nc6 9. Qd2 d4 10. Bg5 Be7 11. Be2 Ke8 12. O-O h6 13. Bh4 Rd8 14. c3 dxc3 15. Nxc3 Nd4 16. Rfe1 Nd5 17. Nxd5 Rxd5 18. Bxe7 Kxe7 19. Qb4+ Kf6 20. Qxb7 Nc2 21. Bf3 Rxd3 22. Be4 Nxa1 23. Bxd3 Bc8 24. Qb8 Rd8 25. Rxa1 Rxd3 26. Qxc8 g5 27. Qxc7 Kg6 28. Qc2 f5 29. Qxd3 g4 30. Qd6+ Kg5 31. f4+ Kh5 32. g3 a6 33. Qe6 a5 34. Qf7# 1-0

[Event "Scarborough CC-ch Reserves U1400"]
[Site "Toronto CAN"]
[Date "2012.04.19"]
[Round "5"]
[White "Wang, Edward"]
[Black "Paraparan, Varshini"]
[Result "1-0"]
[WhiteElo "1071"]
[BlackElo "1114"]
[PlyCount "57"]
[GameId "2160767909510279"]
[EventDate "2012.03.22"]
[EventType "swiss"]
[EventRounds "9"]
[EventCountry "CAN"]
[SourceTitle "EXT 2022"]
[Source "ChessBase"]
[SourceDate "2021.10.06"]
[SourceVersion "1"]
[SourceVersionDate "2021.10.06"]
[SourceQuality "1"]

1. e4 e5 2. Nf3 Nc6 3. Bc4 Bc5 4. Nc3 Nf6 5. O-O O-O 6. d3 d6 7. Bg5 Be6 8. Nd5 Bxd5 9. Bxd5 Rb8 10. h3 Bb6 11. Nh2 h6 12. Bh4 Nd4 13. Ng4 g5 14. Nxh6+ Kg7 15. Bxg5 Kg6 16. h4 Qd7 17. c3 Nc6 18. Bxf6 Kxf6 19. Qf3+ Ke7 20. Nf5+ Kd8 21. Ng7 Kc8 22. Be6 fxe6 23. Qxf8+ Nd8 24. h5 Bc5 25. h6 Qf7 26. Qe8 Qf6 27. h7 Qxg7 28. h8=Q Qxh8 29. Qxh8 1-0

[Event "Scarborough CC-ch Reserves U1400"]
[Site "Toronto CAN"]
[Date "2012.04.19"]
[Round "5"]
[White "Wang, Yanning"]
[Black "Souchko, Larissa"]
[Result "1-0"]
[WhiteElo "1117"]
[BlackElo "1054"]
[PlyCount "110"]
[GameId "2160767909510280"]
[EventDate "2012.03.22"]
[EventType "swiss"]
[EventRounds "9"]
[EventCountry "CAN"]
[SourceTitle "EXT 2022"]
[Source "ChessBase"]
[SourceDate "2021.10.06"]
[SourceVersion "1"]
[SourceVersionDate "2021.10.06"]
[SourceQuality "1"]

1. e4 c5 2. Nf3 Nc6 3. d4 cxd4 4. Nxd4 a6 5. Nc3 d6 6. Bc4 e6 7. Qf3 Nf6 8. Nxc6 bxc6 9. O-O e5 10. h3 Be7 11. Be3 O-O 12. b4 Re8 13. a4 Rb8 14. b5 axb5 15. axb5 Bb7 16. bxc6 Bxc6 17. Nd5 Nxd5 18. exd5 Bd7 19. Bd3 Bg5 20. Qh5 h6 21. Ra7 e4 22. Bxg5 hxg5 23. Bc4 Rf8 24. Re1 Bf5 25. g3 Bg6 26. Qd1 f5 27. Qa1 Rf7 28. Rxf7 Bxf7 29. Qd4 Rb4 30. Qc3 Rb8 31. f3 Qb6+ 32. Kg2 exf3+ 33. Qxf3 Bg6 34. Re7 Qb4 35. Bb3 Qd2+ 36. Re2 Qb4 37. Qe3 Qe4+ 38. Qxe4 fxe4 39. g4 Kf8 40. Kg3 Rc8 41. h4 gxh4+ 42. Kxh4 Ke7 43. Kg5 Bh7 44. Kh5 Rc3 45. g5 Rh3+ 46. Kg4 Rf3 47. Ba4 Rc3 48. Rh2 Bg6 49. Re2 Rc4 50. Bb3 Rd4 51. Re3 Rd2 52. Kg3 Rd1 53. c4 Rg1+ 54. Kf2 Rxg5 55. Rg3 Rf5+ 1-0

[Event "Scarborough CC-ch Reserves U1400"]
[Site "Toronto CAN"]
[Date "2012.04.19"]
[Round "5"]
[White "Yu, Tianxi"]
[Black "Deng, Yi"]
[Result "1-0"]
[WhiteElo "954"]
[BlackElo "1062"]
[PlyCount "61"]
[GameId "2160767909510281"]
[EventDate "2012.03.22"]
[EventType "swiss"]
[EventRounds "9"]
[EventCountry "CAN"]
[SourceTitle "EXT 2022"]
[Source "ChessBase"]
[SourceDate "2021.10.06"]
[SourceVersion "1"]
[SourceVersionDate "2021.10.06"]
[SourceQuality "1"]

1. e4 e5 2. Nf3 Nc6 3. d4 exd4 4. Nxd4 Nxd4 5. Qxd4 Nf6 6. e5 Ng8 7. Nc3 d6 8. Bf4 c5 9. Bb5+ Bd7 10. Bxd7+ Qxd7 11. Qd5 O-O-O 12. O-O dxe5 13. Qxd7+ Rxd7 14. Bxe5 Bd6 15. Bxg7 Be5 16. Bxe5 f6 17. Bg3 Nh6 18. Rad1 Rg7 19. Ne4 b6 20. Nxf6 Rf8 21. Rfe1 Rxf6 22. Be5 Rfg6 23. Bxg7 Rxg7 24. Re8+ Kb7 25. Red8 Kc6 26. R8d6+ Kb5 27. Rxh6 Re7 28. Kf1 a5 29. Re1 Rd7 30. Rhe6 Rb7 31. b3 1-0

[Event "Scarborough CC-ch Reserves U1400"]
[Site "Toronto CAN"]
[Date "2012.04.26"]
[Round "6"]
[White "Azizi, Hamid"]
[Black "Guo, Thomas"]
[Result "1-0"]
[WhiteElo "1367"]
[BlackElo "1102"]
[PlyCount "73"]
[GameId "2160767909510282"]
[EventDate "2012.03.22"]
[EventType "swiss"]
[EventRounds "9"]
[EventCountry "CAN"]
[SourceTitle "EXT 2022"]
[Source "ChessBase"]
[SourceDate "2021.10.06"]
[SourceVersion "1"]
[SourceVersionDate "2021.10.06"]
[SourceQuality "1"]

1. f4 d5 2. Nf3 Nf6 3. b3 Bf5 4. Bb2 e6 5. e3 c5 6. Bb5+ Nc6 7. Ne5 Rc8 8. O-O a6 9. Nxc6 bxc6 10. Bxa6 Rb8 11. Nc3 Rb6 12. Be2 Rb8 13. Bf3 Rc8 14. Ne2 g6 15. Bxf6 Qxf6 16. g4 Be4 17. Bxe4 dxe4 18. Ng3 Bg7 19. Rb1 Qd8 20. Nxe4 Qd5 21. d3 h6 22. c4 Qd7 23. Nxc5 Qa7 24. d4 Rd8 25. Rf2 Bf8 26. Qf3 Bxc5 27. Qxc6+ Ke7 28. Qxc5+ Qxc5 29. dxc5 Rb8 30. Rd2 Rhc8 31. Rbd1 Rxc5 32. Rd7+ Ke8 33. Ra7 Rd8 34. Rxd8+ Kxd8 35. Kf2 Ke8 36. Ke2 h5 37. g5 1-0

[Event "Scarborough CC-ch Reserves U1400"]
[Site "Toronto CAN"]
[Date "2012.04.26"]
[Round "6"]
[White "Feng, Richard"]
[Black "Pulogarajah, Kaarthic"]
[Result "1-0"]
[WhiteElo "1022"]
[BlackElo "998"]
[PlyCount "71"]
[GameId "2160767909510283"]
[EventDate "2012.03.22"]
[EventType "swiss"]
[EventRounds "9"]
[EventCountry "CAN"]
[SourceTitle "EXT 2022"]
[Source "ChessBase"]
[SourceDate "2021.10.06"]
[SourceVersion "1"]
[SourceVersionDate "2021.10.06"]
[SourceQuality "1"]

1. e4 e5 2. Nf3 Nc6 3. Bb5 a6 4. Ba4 b5 5. Bb3 Nf6 6. O-O Nxe4 7. d4 exd4 8. Re1 d5 9. Nxd4 Nxd4 10. Qxd4 c6 11. Nc3 Be6 12. Nxe4 dxe4 13. Qxe4 Qd7 14. Bxe6 fxe6 15. Qxe6+ Qxe6 16. Rxe6+ Be7 17. Bg5 Ra7 18. Rae1 Rd7 19. Rxe7+ Rxe7 20. Rxe7+ Kf8 21. Ra7 g6 22. Bh6+ Kg8 23. Ra8+ Kf7 24. Rxh8 c5 25. Ra8 Ke6 26. Rxa6+ Kd5 27. b3 c4 28. Ra5 Kc5 29. c3 cxb3 30. axb3 g5 31. Bxg5 h6 32. Bxh6 Kd5 33. Rxb5+ Ke4 34. f3+ Kd3 35. c4 Kc2 36. c5 1-0

[Event "Scarborough CC-ch Reserves U1400"]
[Site "Toronto CAN"]
[Date "2012.04.26"]
[Round "6"]
[White "Liu, Daniel1"]
[Black "Ming, Qing"]
[Result "1/2-1/2"]
[WhiteElo "1022"]
[BlackElo "1112"]
[PlyCount "49"]
[GameId "2160767909510284"]
[EventDate "2012.03.22"]
[EventType "swiss"]
[EventRounds "9"]
[EventCountry "CAN"]
[SourceTitle "EXT 2022"]
[Source "ChessBase"]
[SourceDate "2021.10.06"]
[SourceVersion "1"]
[SourceVersionDate "2021.10.06"]
[SourceQuality "1"]

1. e4 c5 2. Nf3 d6 3. Bc4 Nf6 4. d3 Nc6 5. O-O Bg4 6. h3 Bh5 7. Be3 e5 8. c3 Be7 9. Nbd2 O-O 10. a4 d5 11. exd5 Nxd5 12. Qc2 Kh8 13. a5 Nxe3 14. fxe3 Nxa5 15. Nxe5 Nxc4 16. Ndxc4 Bf6 17. Nf3 b5 18. Ncd2 Bg6 19. e4 Qb6 20. Kh1 Rfe8 21. e5 Be7 22. b3 a5 23. c4 b4 24. Ne4 Bf5 25. Nfg5 1/2-1/2

[Event "Scarborough CC-ch Reserves U1400"]
[Site "Toronto CAN"]
[Date "2012.04.26"]
[Round "6"]
[White "Lu, Leo"]
[Black "Thanabalachandran, Luxiga"]
[Result "1-0"]
[WhiteElo "918"]
[BlackElo "874"]
[PlyCount "73"]
[GameId "2160767909510285"]
[EventDate "2012.03.22"]
[EventType "swiss"]
[EventRounds "9"]
[EventCountry "CAN"]
[SourceTitle "EXT 2022"]
[Source "ChessBase"]
[SourceDate "2021.10.06"]
[SourceVersion "1"]
[SourceVersionDate "2021.10.06"]
[SourceQuality "1"]

1. e4 e6 2. Nf3 d5 3. e5 Nc6 4. d4 Bb4+ 5. c3 Ba5 6. Bg5 f6 7. Bf4 Bd7 8. b4 Bb6 9. b5 Nce7 10. Bd3 c6 11. Qb3 cxb5 12. Bxb5 Bxb5 13. Qxb5+ Nc6 14. O-O a6 15. Qd3 fxe5 16. Nxe5 Nxe5 17. Bxe5 Nf6 18. Qg3 Qe7 19. Bd6 Qf7 20. Nd2 Ba5 21. Rac1 Rc8 22. Nf3 Ne4 23. Qe5 Nxd6 24. Qxd6 Bxc3 25. Ng5 Qc7 26. Qxe6+ Kf8 27. Qf5+ Ke8 28. Rfe1+ Kd8 29. Nf7+ Qxf7 30. Qxf7 Bxe1 31. Qxd5+ Ke7 32. Rxe1+ Kf6 33. Re6+ Kf7 34. Qd7+ Kf8 35. Qxc8+ Kf7 36. Qd7+ Kf8 37. Re8# 1-0

[Event "Scarborough CC-ch Reserves U1400"]
[Site "Toronto CAN"]
[Date "2012.04.26"]
[Round "6"]
[White "Mahoney, Sean"]
[Black "Wang, Yanning"]
[Result "0-1"]
[WhiteElo "958"]
[BlackElo "1117"]
[PlyCount "74"]
[GameId "2160767909510286"]
[EventDate "2012.03.22"]
[EventType "swiss"]
[EventRounds "9"]
[EventCountry "CAN"]
[SourceTitle "EXT 2022"]
[Source "ChessBase"]
[SourceDate "2021.10.06"]
[SourceVersion "1"]
[SourceVersionDate "2021.10.06"]
[SourceQuality "1"]

1. e4 e5 2. Nf3 Nc6 3. Bb5 Nf6 4. Nc3 Ng4 5. Bxc6 dxc6 6. d4 exd4 7. Nxd4 Bc5 8. Be3 Nxe3 9. fxe3 Qg5 10. Qf3 Bg4 11. Qf4 Qxf4 12. exf4 Bxd4 13. Rc1 Bxc3+ 14. bxc3 O-O-O 15. O-O Rhe8 16. e5 Be2 17. Rfe1 Bc4 18. a3 Rd2 19. f5 g6 20. g4 Bd5 21. h3 Rg2+ 22. Kf1 Rh2 23. Re3 Bg2+ 24. Kg1 Rh1+ 25. Kxg2 Rxc1 26. e6 Rxc2+ 27. Kg3 fxe6 28. fxe6 a5 29. Kf4 h6 30. Ke5 Rf2 31. Rd3 Re2+ 32. Kf6 R2xe6+ 33. Kg7 g5 34. Rf3 R8e7+ 35. Kf8 b5 36. Rf7 Rxf7+ 37. Kxf7 Re3 0-1

[Event "Scarborough CC-ch Reserves U1400"]
[Site "Toronto CAN"]
[Date "2012.04.26"]
[Round "6"]
[White "Marcelino, Daryl"]
[Black "Deng, Yi"]
[Result "1-0"]
[WhiteElo "911"]
[BlackElo "1062"]
[PlyCount "71"]
[GameId "2160767909510287"]
[EventDate "2012.03.22"]
[EventType "swiss"]
[EventRounds "9"]
[EventCountry "CAN"]
[SourceTitle "EXT 2022"]
[Source "ChessBase"]
[SourceDate "2021.10.06"]
[SourceVersion "1"]
[SourceVersionDate "2021.10.06"]
[SourceQuality "1"]

1. e4 c5 2. g3 Nc6 3. Bg2 e5 4. Nc3 Nf6 5. Nf3 d6 6. O-O Bg4 7. d3 Nd4 8. h3 Nxf3+ 9. Bxf3 Bxh3 10. Re1 Qd7 11. Nd5 Nxd5 12. exd5 Be7 13. Kh2 Bf5 14. Rg1 O-O-O 15. g4 Bg6 16. Be4 Bxe4 17. dxe4 Qa4 18. f3 h5 19. g5 f6 20. g6 Rdf8 21. Qe2 f5 22. c4 fxe4 23. fxe4 Rf6 24. b3 Qd7 25. Bd2 Rhf8 26. Raf1 Rxf1 27. Rxf1 Rxf1 28. Qxf1 Qg4 29. Qg2 Qh4+ 30. Kg1 Qf6 31. Bh6 Bf8 32. Be3 Qh4 33. Kf1 Qf6+ 34. Ke2 h4 35. Qg4+ Kc7 36. Bg5 1-0

[Event "Scarborough CC-ch Reserves U1400"]
[Site "Toronto CAN"]
[Date "2012.04.26"]
[Round "6"]
[White "Pakerathan, Thurvan"]
[Black "Sekar, Varun"]
[Result "0-1"]
[WhiteElo "947"]
[BlackElo "1294"]
[PlyCount "40"]
[GameId "2160767909510288"]
[EventDate "2012.03.22"]
[EventType "swiss"]
[EventRounds "9"]
[EventCountry "CAN"]
[SourceTitle "EXT 2022"]
[Source "ChessBase"]
[SourceDate "2021.10.06"]
[SourceVersion "1"]
[SourceVersionDate "2021.10.06"]
[SourceQuality "1"]

1. e4 e5 2. Nf3 Nc6 3. Bb5 a6 4. Ba4 f5 5. d3 b5 6. Bb3 Na5 7. exf5 Nxb3 8. axb3 d6 9. g4 Nf6 10. Bg5 Be7 11. h3 Nd5 12. O-O Bxg5 13. Nxg5 Qxg5 14. d4 Nf4 15. Qf3 Ra7 16. Qc6+ Bd7 17. Qf3 h5 18. dxe5 hxg4 19. hxg4 Qh4 20. exd6 Qh2# 0-1

[Event "Scarborough CC-ch Reserves U1400"]
[Site "Toronto CAN"]
[Date "2012.04.26"]
[Round "6"]
[White "Roy, Harrison"]
[Black "Jimenez, Michael"]
[Result "0-1"]
[WhiteElo "827"]
[BlackElo "931"]
[PlyCount "58"]
[GameId "2160767909510289"]
[EventDate "2012.03.22"]
[EventType "swiss"]
[EventRounds "9"]
[EventCountry "CAN"]
[SourceTitle "EXT 2022"]
[Source "ChessBase"]
[SourceDate "2021.10.06"]
[SourceVersion "1"]
[SourceVersionDate "2021.10.06"]
[SourceQuality "1"]

1. e4 e5 2. Nf3 Nc6 3. Bb5 a6 4. Bxc6 dxc6 5. Nc3 Bg4 6. h3 Bh5 7. O-O Nf6 8. d3 Be7 9. Re1 O-O 10. Bg5 Re8 11. Bxf6 Bxf6 12. g4 Bg6 13. Nh4 Bxh4 14. Rf1 Qd4 15. Qd2 Re6 16. g5 f6 17. Qe2 fxg5 18. Qg4 Rf6 19. Ne2 Qxb2 20. Rab1 Qxc2 21. Rxb7 Rf7 22. Rbb1 Qxd3 23. f3 Qxe2 24. Qg2 Qxg2+ 25. Kxg2 Rd8 26. Rfd1 Rxd1 27. Rxd1 Re7 28. Rd8+ Re8 29. Rxe8+ Bxe8 0-1

[Event "Scarborough CC-ch Reserves U1400"]
[Site "Toronto CAN"]
[Date "2012.04.26"]
[Round "6"]
[White "Souchko, Larissa"]
[Black "Yu, Tianxi"]
[Result "1-0"]
[WhiteElo "1054"]
[BlackElo "954"]
[PlyCount "59"]
[GameId "2160767909510290"]
[EventDate "2012.03.22"]
[EventType "swiss"]
[EventRounds "9"]
[EventCountry "CAN"]
[SourceTitle "EXT 2022"]
[Source "ChessBase"]
[SourceDate "2021.10.06"]
[SourceVersion "1"]
[SourceVersionDate "2021.10.06"]
[SourceQuality "1"]

1. e4 e5 2. Nf3 Nc6 3. Bb5 a6 4. Bxc6 bxc6 5. Nxe5 Qe7 6. d4 d6 7. Nf3 Qxe4+ 8. Be3 Nf6 9. O-O Be7 10. Re1 Nd5 11. Bg5 Qf5 12. c4 f6 13. Bd2 Nf4 14. Bxf4 Qxf4 15. Qe2 O-O 16. Qxe7 d5 17. Qe3 Qxe3 18. Rxe3 Rb8 19. b3 Bg4 20. Nbd2 Rfe8 21. Ree1 Kf7 22. h3 Bxf3 23. Nxf3 c5 24. cxd5 cxd4 25. Nxd4 Rxe1+ 26. Rxe1 Rb4 27. Nc6 Rb5 28. Re7+ Kg6 29. Rxc7 Rxd5 30. Ne7+ 1-0

[Event "Scarborough CC-ch Reserves U1400"]
[Site "Toronto CAN"]
[Date "2012.04.26"]
[Round "6"]
[White "Wang, Edward"]
[Black "Magee, Bruce"]
[Result "0-1"]
[WhiteElo "1071"]
[BlackElo "858"]
[PlyCount "112"]
[GameId "2160767909575827"]
[EventDate "2012.03.22"]
[EventType "swiss"]
[EventRounds "9"]
[EventCountry "CAN"]
[SourceTitle "EXT 2022"]
[Source "ChessBase"]
[SourceDate "2021.10.06"]
[SourceVersion "1"]
[SourceVersionDate "2021.10.06"]
[SourceQuality "1"]

1. e4 e5 2. Nf3 d5 3. exd5 Qxd5 4. Nc3 Qe6 5. Qe2 Nc6 6. Ng5 Qf5 7. d3 Bb4 8. f4 Nge7 9. g4 Qxg4 10. Qxg4 Bxc3+ 11. bxc3 Bxg4 12. fxe5 Nxe5 13. Bf4 N7g6 14. Bxe5 Nxe5 15. Bg2 O-O-O 16. d4 Nc4 17. Nxf7 Rde8+ 18. Kf2 Rhf8 19. Kg3 Ne3 20. Ne5 h5 21. Rab1 g5 22. Bxb7+ Kd8 23. Nc6+ Kd7 24. Ne5+ Rxe5 25. h3 h4+ 26. Kh2 Rf2+ 27. Kg1 Ref5 28. hxg4 c6 29. Bxc6+ Kxc6 30. d5+ Kc5 31. Rh2 Nxg4 32. Rxf2 Rxf2 33. Rb4 Rf4 34. Rxf4 gxf4 35. c4 f3 36. a4 h3 37. a5 f2+ 38. Kf1 Ne3+ 39. Kxf2 h2 40. Kxe3 h1=Q 41. Kf4 Qh4+ 42. Ke5 Qxc4 43. d6 Qd5+ 44. Kf4 Qxd6+ 45. Ke3 Qd4+ 46. Kf3 Qc3+ 47. Ke4 Qxc2+ 48. Ke5 Qd2 49. Ke6 Qd5+ 50. Ke7 Qd6+ 51. Kf7 Kd5 52. Kg7 Qe6 53. a6 Ke5 54. Kh8 Kf6 55. Kh7 Qg4 56. Kh8 Qg7# 0-1